MARC details
| 000 -LEADER |
| fixed length control field |
01335 a2200385 4500 |
| 001 - CONTROL NUMBER |
| control field |
71396 |
| 003 - CONTROL NUMBER IDENTIFIER |
| control field |
TR-AnTOB |
| 005 - DATE AND TIME OF LATEST TRANSACTION |
| control field |
20250407090932.0 |
| 008 - FIXED-LENGTH DATA ELEMENTS--GENERAL INFORMATION |
| fixed length control field |
080730s1984 tu 00000 tur |
| 035 ## - SYSTEM CONTROL NUMBER |
| System control number |
71396 |
| 040 ## - CATALOGING SOURCE |
| Original cataloging agency |
TR-AnTOB |
| Transcribing agency |
TR-AnTOB |
| 041 ## - LANGUAGE CODE |
| Language code of text/sound track or separate title |
Türkçe |
| 050 ## - LIBRARY OF CONGRESS CALL NUMBER |
| Classification number |
DR593 |
| Item number |
.A73 1984 |
| 090 ## - LOCALLY ASSIGNED LC-TYPE CALL NUMBER (OCLC); LOCAL CALL NUMBER (RLIN) |
| Classification number (OCLC) (R) ; Classification number, CALL (RLIN) (NR) |
DR593 .A73 1984 |
| 100 1# - MAIN ENTRY--PERSONAL NAME |
| Personal name |
Arcayürek, Cüneyt, |
| Dates associated with a name |
1928-2015 |
| 9 (RLIN) |
8490 |
| 245 #0 - TITLE STATEMENT |
| Title |
Yeni demokrasi yeni arayışlar : |
| Remainder of title |
1960-1965 / |
| Statement of responsibility, etc. |
Cüneyt Arcayürek. |
| 264 #1 - PRODUCTION, PUBLICATION, DISTRIBUTION, MANUFACTURE, AND COPYRIGHT NOTICE |
| Place of production, publication, distribution, manufacture |
Ankara: |
| Name of producer, publisher, distributor, manufacturer |
Bilgi Yayınevi, |
| Date of production, publication, distribution, manufacture, or copyright notice |
1984. |
| 300 ## - PHYSICAL DESCRIPTION |
| Extent |
355 s.: |
| Other physical details |
res.; |
| Dimensions |
20 cm. |
| 336 ## - CONTENT TYPE |
| Source |
rdacontent |
| Content type term |
text |
| Content type code |
txt |
| 337 ## - MEDIA TYPE |
| Source |
rdamedia |
| Media type term |
unmediated |
| Media type code |
n |
| 338 ## - CARRIER TYPE |
| Source |
rdacarrier |
| Carrier type term |
volume |
| Carrier type code |
nc |
| 490 0# - SERIES STATEMENT |
| Series statement |
Bilgi yayınları ; |
| -- |
Bilgi dizisi ; |
| Volume/sequential designation |
33 |
| Series statement |
Cüneyt Arcayürek açıklıyor ; |
| Volume/sequential designation |
4 |
| 590 ## - LOCAL NOTE (RLIN) |
| Local note |
Sn. Celil Güngör tarafından tarafından bağışlanmıştır. |
| 650 #7 - SUBJECT ADDED ENTRY--TOPICAL TERM |
| Topical term or geographic name entry element |
Siyasal partiler |
| Geographic subdivision |
Türkiye |
| Source of heading or term |
etuturkob |
| 9 (RLIN) |
45613 |
|
| Topical term or geographic name entry element |
Siyasal suçlar ve suçlular |
| Geographic subdivision |
Türkiye |
| 9 (RLIN) |
120852 |
|
| Topical term or geographic name entry element |
Political crimes and offenses |
| Geographic subdivision |
Turkey |
| 9 (RLIN) |
45907 |
|
| Topical term or geographic name entry element |
Political parties |
| Geographic subdivision |
Turkey |
| 9 (RLIN) |
11610 |
| 651 ## - SUBJECT ADDED ENTRY--GEOGRAPHIC NAME |
| Geographic name |
Turkey |
| General subdivision |
Politics and government |
| Chronological subdivision |
1960-1980 |
| 9 (RLIN) |
23069 |
|
| Geographic name |
Türkiye |
| General subdivision |
Siyaset ve yönetim |
| Chronological subdivision |
1960-1980 |
| 9 (RLIN) |
119068 |
| 902 ## - LOCAL DATA ELEMENT B, LDB (RLIN) |
| a |
0024555 |
| 903 ## - LOCAL DATA ELEMENT C, LDC (RLIN) |
| a |
Merkez Kütüphane |
| 942 ## - ADDED ENTRY ELEMENTS (KOHA) |
| Koha item type |
Book |
| Source of classification or shelving scheme |
Library of Congress Classification |
| 945 ## - LOCAL PROCESSING INFORMATION (OCLC) |
| a |
AY.Kntrl 05.08.08 BS |